000 02168nam a2200289 a 4500
001 000034656
003 DO-SdBNP
005 20260321073642.0
007 ta
008 111013s1970 sp r 001 0 spa d
040 _aDO-SdBNP
_bspa
_cBNPHU
_erda
082 4 _a972.9
_bB742d
_222
100 1 _a Bosch, Juan,
_d1909-2001
_eautor
_976555
245 1 0 _aDe Cristóbal Colón a Fidel Castro :
_bel Caribe, frontera imperal.
264 _aMadrid :
_bAlfaguara,
_c1970.
300 _a740 páginas ;
_c21 cm.
336 _ardacontent
_btexto
_2txt
337 _ardamedia
_bsin mediación
_2n
338 _brdacarrier
_0volumen
_2nc
490 1 _aHombres, hechos e ideas ;
_vXX
505 0 _aUnas palabras del autor --
_tUna frontera de cinco siglos --
_tEl escenario de la frontera --
_tIndios y españoles en los primeros años de la frontera imperial --
_tLa conquista del Caribe entre 1508 y 1526 --
_tLa conquista entre 1526-1584 --
_tSublevaciones de indios, africanos y españoles en el siglo XVI --
_tLas guerras de España en el siglo XVI --
_tContrabandistas, bucaneros y filibusteros --
_tEl siglo de la desmembración --
_tEl tiempo del espanto --
_tIntermedio europeo --
_tEl Caribe hasta la Paz de Utrecht --
_tLas guerras en el Caribe hasta la Paz de París (1763) --
_tLa revolución Norteamericana y sus resultados en el Caribe --
_tLa revolución francesa y su proyección en el Caribe --
_tEl tiempo de la libertad --
_tNacimiento de la República de Haití --
_tEn los umbrales de la gran conmoción --
_tLa guerra social venezolana --
_tLa independencia de los territorios españoles --
_t1821-1851. Los años de reajuste --
_tLos años de los episodios increíbles (1855-1861) --
_tLas luchas por la independencia de Cuba (1868-1898) --
_tEl siglo del imperio norteamericano --
_tLos años de las balas y de los dólares --
_tFidel Castro o la nueva etapa histórica del Caribe--
_tBibliografía --
_tReseña biográfica de Juan Bosch
_tÍndice onomástico y geográfico --
590 _aInventariado, 2018/BT
651 0 _aCaribe (Región)
_xHistoria
_987401
830 0 _aHombres, hechos e ideas
_920827
910 _aValidado. Control de calidad. MMOLINA
942 _2ddc
_cLBS1
999 _c34147
_d34147